01879nam a2200313 a 450000100090000000300090000900500170001800700090003500800410004402000150008504000220010009200150012224501230013726000400026030000390030049000120033950000840035150506050043570000370104070000290107783000120110694200120111894500280113095201160115895201200127495201160139495600400151099900150155000003877DO-SdBNP20180312082504.000003877091118s2002 dr ac 000 0 spa d a9993487341 aBNPHUbspacBNPHU axxxxbxxxx00aAntología literaria 3 :beducación media /cselección Manuel García Cartagena ; ilustración Ruddy Núñez aSanto Domingo :bSantillana,c2002. a151 p. : bil., retrs. ; c28 cm. 1 aUmbral  3Literatura española (siglo XX) conectada con literatura universal (siglo XX).0 g1er. curso/ Segundo ciclogUnidad 1tEspaña en transición --gUnidad 2tPensadores españoles del novecentismo --gUnidad 3tLa lírica española de entreguerras --gUnidad 4tPoetas españoles de vanguardia --gUnidad 5tLetras española de la posguerra --gUnidad 6tLetras española contemporáneas --gUnidad 7tLetras de la " Belle epoque" --gUnidad 8tLetras de la época de entreguerras --gUnidad 9tGrandes novelistas alemanes --gUnidad 10tLetras francesas de la posguerra --gUnidad 11tLetras de la posguerra norteamericana --gUnidad 12tLetras europeas contemporáneas --12aGarcía Cartagena, Manuel,eed.12aNúñez, Ruddy ,eil.  0aUmbral  2ddccBK ainventariado, 2018 / dg 00102ddc40708CEaBPMETbBPMETd2016-04-21eDonaciónl0pBPMSU16040613r2016-04-21tv. 1, w2016-04-21yBK 00102ddc40708CEaBPMETbBPMETd2016-04-21eDonaciónl0pBPMSU16040614r2016-04-21tv. 2, e. 2w2016-04-21yBK 00102ddc4070aBPMETbBPMETd2016-04-21eDonaciónl0pBPMSU16040615r2016-04-21tv. 1, e. 3w2016-04-21yBK aLOPEREZb10c20160421lBPMSUh00041 c9879d9879